| 000 | 00884nam a2200265Ia 4500 | ||
|---|---|---|---|
| 003 | OSt | ||
| 005 | 20220923211131.0 | ||
| 006 | a|||||r|||| 00| 0 | ||
| 007 | ta | ||
| 008 | 220922b |||||||| |||| 00| 0 hin d | ||
| 020 |
_a8185256411 _c100 |
||
| 024 | _a263,802 | ||
| 037 |
_b13328, 14/07/2012, Kitab Ghar _cTextual |
||
| 040 |
_aARTS _cARTS _bhin |
||
| 041 |
_2hin _ahin |
||
| 082 | _aO152,3N104,HU, P6 | ||
| 100 |
_aरांगेय राघव _9158591 |
||
| 245 | 0 | _aहुज़ूर | |
| 246 | _aHuज़ūra | ||
| 260 |
_aदिल्ली _b ेेेविद्यार्थी प्रकाशन _c2006 |
||
| 300 |
_a96पृ. _ccm. |
||
| 650 |
_aहिन्दी साहित्य _9156264 |
||
| 942 |
_hO152,3N104,HU, P6 _cTEXL _2CC |
||
| 999 |
_c295760 _d295760 |
||